Alle UN - Generalsekretäre (1945 - 2024) - Statistiken

Allgemein
  • Dieses Quiz wurde 66 mal gespielt
  • Das Durchschnittsergebnis liegt bei 5 aus 10
Antwortstatistiken
Amtszeit, - dauer Nation Name % Korrekt
1997 - 2006 (9 Jahre) 🇬🇭 Kofi Annan
89%
2007 - 2016 (9 Jahre) 🇰🇷 Ban Ki-moon
70%
1971 - 1981 (10 Jahre) 🇦🇹 Kurt Waldheim
67%
1953 - 1961 (8 Jahre) 🇸🇪 Dag Hammarskjöld
52%
seit 2017 🇵🇹 Antonio Guterres
48%
1992 - 1996 (4 Jahre) 🇪🇬 Boutros Boutros Ghali
44%
1982 - 1991 (9 Jahre) 🇵🇪 Javier Pérez de Cuéllar
37%
1946 - 1952 (6 Jahre) 🇳🇴 Trygve H. Lie
33%
1961 - 1971 (10 Jahre) 🇲🇲 Sithu U Thant
30%
1945 - 1946* (4 Monate) 🇬🇧 Baron Gladwyn Jebb
19%
Keine übereinstimmenden Quizze gefunden
Verteilung der Resultate
Anzahl Personen mit jedem Resultat
Perzentil nach korrekt beantworteten Fragen
Ihre Resultats-Entwicklung
Sie haben dieses Quiz noch nicht gespielt